000 00550nam a2200229Ia 4500
003 OSt
005 20220918203932.0
006 a|||||r|||| 00| 0
007 ta
008 220917b |||||||| |||| 00| 0 eng d
024 _a110,364
037 _cTextual
040 _aARTS
_cARTS
_beng
041 _2eng
_aeng
082 _aV46:1:N5, J81
100 _aYale W
_9110173
245 0 _aNear East
_b modern history
260 _c1958
650 _aHISTORY
942 _hV46:1:N5, J81
_cTEXL
_2CC
999 _c233714
_d233714